000 00291nam a22001337a 4500
008 210302b ||||| |||| 00| 0 eng d
020 _a0133866246
041 _aeng
080 _28th
_a33
100 _a59
101 _aBIZ
245 _aInternational Business
_cWild,J.J
942 _2udc
_cBK
999 _c55439
_d55439